| 000 | 00447nam a2200181Ia 4500 | ||
|---|---|---|---|
| 001 | 18339 | ||
| 005 | 20260306171623.0 | ||
| 008 | 260306s9999||||xx |||||||||||||| ||und|| | ||
| 041 | _aESP | ||
| 082 |
_a658.403 _bV935 |
||
| 100 |
_aVélez Ibarrola, Ricardo _eAUT |
||
| 245 | 0 | _aIntroducción a la teoría de la decisión | |
| 260 | _c2012 | ||
| 300 |
_a241 páginas : _c24 cm. |
||
| 650 | _aGEN | ||
| 654 | _aCAN | ||
| 942 |
_cLIB _dJUS _fJUS _2ddc _n |
||
| 999 |
_c18339 _d18339 |
||